Statistiques concernant The Big Bang Theory - Personnages

Cliquez ici pour prendre le quiz!

Statistiques générales

  • Ce quiz a été pris 788 fois
  • Le résultat moyen est 14 sur 41

Statistiques - réponses

Indice(s)Personnage% Correct
3En couple avec 2.Penny
99%
1Personnage central de la série.Sheldon Lee Cooper
99%
2Meilleur ami et colocataire de 1.Leonard Hofstadter
98%
4Ingénieur ami de 1, 2 et 4.Howard Wolowitz
94%
7Neurobiologiste en couple avec 1.Amy Farrah Fowler
90%
6Microbiologiste en couple avec 4.Bernadette Maryann 'Bernie' Rostenkowski
88%
5D'origine indienne, ami de 1,2 et 3.Rajesh 'Raj' Koothrappali
84%
8Propriétaire de la boutique de comics.Stuart Bloom
77%
9Mère de 1.Mary Cooper
51%
13Physicien, toujours en conflit avec 1.Barry Kripke
48%
11Frère aîné de 1.George Jr Cooper
43%
37Intéreprétait Wesley Crusher dans Star Trek.Wil Wheaton
39%
10Soeur jumelle de 1.Missy Cooper
38%
40Professeur de science pour enfants.Arthur Jeffries / Pr Proton
35%
17Mère de 2.Beverly Hofstadter
34%
19Physicienne, collègue de 2.Leslie Winkle
31%
29Soeur de 5.Priya Koothrappali
27%
12Grand-mère maternel de 1.Meemaw
25%
23Ex-mari de 3.Zack Johnson
25%
31Dermatologue, ex de 5.Emily Sweeney
23%
35Géologue, soupirant de 7.Bertram 'Bert' Kibbler
22%
25Fille de 4.Halley Wolowitz
21%
33Père de 6.Michael 'Mike' Rostenkowski
18%
26Fils de 4.Neil Michael Wolowitz
18%
30Ex de 5.Lucy
17%
14Etudiante et assistante de 1.Alex Jensen
16%
27Mère de 4.Debbie Melvina Wolowitz
16%
28Fiancée de 5.Anu
14%
36En couple avec 8.Denise
10%
24Ancien ex de 3.Kurt
10%
32Scénariste et barman, a flirté avec 5.Claire
9%
16Père de 2.Alfred Hofstadter
8%
38Président de Caltech.Président Siebert
7%
18Ex de 2.Stephanie Barnett
5%
15Chef de 1,2,3 et 4.Eric Gablehauser
4%
39Cheffe des ressources humaines de Caltech.Janine Davis
4%
20Père de 3.Wyatt
4%
34Ex de 7.David 'Dave' Gibbs
3%
41Colonel de l'Air Force.Richard Williams
3%
21Mère de 3.Susan
3%
22Frère de 3.Randall
2%

Distribution des résultats

Percentile par nombre de réponses

% des personnes avec chaque résultat

Votre développement - résultats

Vous n’avez pas pris ce quiz